01918cam a22004934i 4500003000900000005001700009008004100026020001500067020001800082035002700100040004300127082001900170100003200189245008500221264003200306300005500338336002100393337002500414338002300439505072800462526001001190526001001200526001001210526001001220526001001230526000901240526000901249526000901258526000901267526000901276526000901285526000901294526000901303526000901312526000901321526000801330526000801338526000801346526000801354526000801362526000801370541001701378650002901395PE-LiUPU20250731170457.0150706s2012 ag a r 000 0 spa d a9875913480 a9789875913486 a(Sirsi) i9789875913486 aPE-LiUPUbspacPE-LiUPUdPE-LiUPUerda04a158.7bC712211 aCólica, Pablo R.,eautor.10aEstrés :blo que usted quería preguntar y debe conocer /cPablo R. Cólica. 1aCórdoba :bBrujas,c2012. a179 páginas :bilustraciones ;c23 centímetros atext2rdacontent aunmediated2rdamedia avolume2rdacarrier0 aEl concepto de estrés como enfermedad -- Estrés y ansiedad -- Cuándo enferma el estrés? -- Estrés y las llamadas "Carpetas psiquiátricas" prevención -- Enfermedades psicosomáticas. La división mente-cuerpo. Nuevas enfermedades. Clínica del estrés prolongado -- Estrés y emociones -- Calidad de vida -- Sobre la soledad -- Sobre el estrés materno-infantil -- sobre el desarrollo cerebral -- Estrés y memoria -- La función reparadora del sueño. Sueño y memoria -- Sobre el estrés celular -- El estrés del cuidador -- El estrés y las enfermedades del corazón -- El estrés de las fiestas del fin de año -- Acerca de la Psiconeurobiología del amor -- Sobre la risa y el estrés. aSEG68 aSEG70 aSEG69 aSEG67 aSEG43 aP144 aP143 aP131 aP122 aP120 aP117 aP112 aP110 aP106 aP101 aP80 aP59 aP54 aP35 aP33 aP30 g030-0014458;04aEstrés (Psicología).